La carrière de Ruud van Nistelrooy - Statistiques

Statistiques générales
  • Ce quiz a été pris 25 fois
  • Le résultat moyen est 3 sur 7
Statistiques - réponses
Année Match But Club % Correct
2001 - 2006 219 150 Manchester United
100%
2006 - 2010 96 64 Real Madrid
92%
1998 - 2001 91 75 PSV Eindhoven
80%
2010 - 2011 44 17 Hambourg SV
16%
2011 - 2012 32 5 Málaga CF
16%
1993- 1997 71 20 FC Den Bosch
4%
1997 - 1998 36 16 SC Heerenveen
4%
Aucun quiz correspondant
Distribution des résultats
% des personnes avec chaque résultat
Percentile par nombre de réponses
Votre historique - résultats
Vous n’avez pas pris ce quiz